Naturaleza de las circunstancias agravantes
Guardat en:
| Autor principal: | |
|---|---|
| Format: | Llibre |
| Idioma: | espanyol |
| Publicat: |
Buenos Aires
Pannedille
1970
|
| Matèries: | |
| Etiquetes: |
Afegir etiqueta
Sense etiquetes, Sigues el primer a etiquetar aquest registre!
|
MARC
| LEADER | 00000cam a2200000 a 4500 | ||
|---|---|---|---|
| 001 | UCS0275 | ||
| 003 | CL-VaPUC | ||
| 008 | 970418e19700000AG |||||||||||||||||spa|d | ||
| 082 | 0 | 4 | |a 345.04 |b BAI |2 21 |
| 100 | |a Baigún, David |e author |9 599532 | ||
| 245 | 1 | 0 | |a Naturaleza de las circunstancias agravantes |
| 300 | |a 100 p | ||
| 942 | |c BK | ||
| 945 | |d 19970418 00:00:00 |a paguirre | ||
| 260 | |a Buenos Aires |b Pannedille |c 1970 | ||
| 650 | 7 | |a DERECHO PENAL |2 CL-VaPUC |9 11 | |
| 650 | 0 | |a Agravantes |9 383432 | |
| 650 | 0 | |a Teoría del delito |9 258906 | |
| 650 | 7 | |a CULPABILIDAD |2 CL-VaPUC |9 351694 | |
| 650 | 0 | |a Responsabilidad penal |9 254899 | |
| 650 | 0 | |a Códigos |9 352314 | |
| 650 | 0 | |a Jurisprudencia |9 255952 | |
| 583 | |a last modification |c 20180824 10:00:17 |k Rodrigo Vera | ||
| 999 | |c 258513 |d 258511 | ||
| 952 | |0 0 |1 0 |3 erb |4 0 |6 345_040000000000000_BAI_1970 |7 0 |8 A |9 282679 |a BIBDER |b BIBDER |e Mateluna Arestizabal, Alfredo Sergio |i 5489601 |l 4 |o 345.04 BAI 1970 |p 5489601 |r 2025-01-27 |s 2025-01-27 |w 2019-11-19 |y BK |z Catalogado en:20180824 |k DER | ||